00644 2200217 4500001002100000005001700021008004100038035002400079082001000103090002000113100002000133245013800153260003200291300001800323650002000341850002100361980001400382985000600396986000900402999001500411YOGYA-0209000004377220090227030207.0 ind  0010-020900000043772 a324.7 a324.7bKar KlT aKARSTEN, Thomas aKorte handleiding voor de praktiese rooilijnpolitiek in gemlenten en regentschappenbvereeniging voor locale belangercThomas Karsten aMededeelingb[s.n.]c[s.a.] a38 hlmc24 cm aPolitik praktis aYOPDYOG [TRM 29] a24-9-2007 a1 aRuni a07A0026653